Digilalization of The Insurance Sector/ (Record no. 199265)

MARC details
000 -LEADER
fixed length control field 00684nam a2200205 4500
005 - DATE AND TIME OF LATEST TRANSACTION
control field 20231128142621.0
010 ## - LCCN (DPL NO)
LC control number ENG-138461
020 ## - INTERNATIONAL STANDARD BOOK NUMBER
International Standard Book Number 9788119042593
Terms of availability 600.00
035 ## - SYSTEM CONTROL NUMBER
System control number EN-121993
037 ## - SOURCE OF ACQUISITION
Source of stock number/acquisition DBAD/PUB
082 ## - DEWEY DECIMAL CLASSIFICATION NUMBER
Classification number 332.10284
Edition number First
245 ## - TITLE STATEMENT
Title Digilalization of The Insurance Sector/
Statement of responsibility, etc Edited By T.M Hemalatha and A Saravanakumar
250 ## - EDITION STATEMENT
Edition statement First
260 ## - PUBLICATION, DISTRIBUTION, ETC. (IMPRINT)
Place of publication, distribution, etc Tamil Nadu
Name of publisher, distributor, etc Shanlax Publications
Date of publication, distribution, etc 2023
270 ## - ADDRESS
Address 61, 66 T.P.K Main Road, Vasantha Nagar,Madurai
City Tamil Nadu
Postal code 625003
300 ## - PHYSICAL DESCRIPTION
Extent 242p.
Dimensions 24cm(pbk)
700 ## - ADDED ENTRY--PERSONAL NAME
Personal name T.M Hemalatha
Relator term Editor
9 (RLIN) 59124
700 ## - ADDED ENTRY--PERSONAL NAME
Personal name A Saravanakumar
Relator term Editor
9 (RLIN) 59125
942 ## - ADDED ENTRY ELEMENTS (KOHA)
Source of classification or shelving scheme Dewey Decimal Classification
Item type English Books
Classification part 332.10284
Call number suffix DIG
Holdings
Withdrawn status Lost status Not for loan Collection code Home library Current library Date acquired Source of acquisition Cost, normal purchase price Full call number Barcode Copy number Cost, replacement price Koha item type
      Non-fiction Vinoba Puri Vinoba Puri 28/11/2023 DBAD/PUB 600.00 332.10284 DIG EN-121993 1 600.00 English Books

© Delhi Public Library
Hit Counter
free hit counter